00910nam a22002177a 4500999001900000005001700019010001500036020003000051035001400081037001300095082001700108100001700125245012600142260004100268270008100309300008200390500003200472700001800504942003100522952013900553 c177888d17788820210309155006.0 aENG-129180 a978-81-237-9195-1c135.00 aEN-112712 bDBAD/PUB a616.24140954 aArora, Meena aThe Ordeal of Being Corona Warriors: an approach to medical and essential service providers/cMeena Arora and Sonie Sidhu aNew DelhibNational Book Trustc2020 bNew Delhie110070aNehru Bhawan, 5 Institutional Area, Phase-II, Vasant Kunj axxiv+83p.c21cm(pbk)bIncluding illustrations and bibliographical references. aillustration: Saumya Shukla aSidhu, Sonie  2ddccENh616.24140954mARO 001040708NFICaAVbAVd2021-03-09eDBAD/PUBg135.00l0o616.24140954 AROpEN-112712r2021-03-09 00:00:00t1v135.00w2021-03-09yEN